00501nam a2200181Ia 4500003000400000005001700004008004100021020002200062040000700084041000800091082002300099100002100122245008800143260003600231300001400267365001700281650002100298OSt20230317112421.0210423s2012 xx 000 0 und d a978-0-7494-6688-6 cAL aeng a658.421 223bMORP aMORRIS (Michael) aPractical guide to entrepreneurship: how to turn an idea into a profitable business aNew DelhibKogan Page Ltdc2012 ax,289bPB b2141.64cGBP aEntrepreneurship